[Event "Brno Trade op"]
[Site "Brno"]
[Date "2010.08.24"]
[Round "4"]
[White "Steinhauserova, Anna"]
[Black "Uhmann, Jan"]
[Result "0-1"]
[WhiteElo "1818"]
[BlackElo "1989"]
[PlyCount "79"]
[EventDate "2010.08.22"]
[EventType "swiss"]
[EventRounds "9"]
[EventCountry "CZE"]
[SourceTitle "CBM 138 Extra"]
[Source "ChessBase"]
[SourceDate "2010.10.29"]
[SourceVersion "1"]
[SourceVersionDate "2010.10.29"]
[SourceQuality "1"]

1. d4 d5 2. Nf3 b6 3. c4 e6 4. cxd5 exd5 5. Nc3 Bb7 6. Bf4 Nf6 7. e3 Nbd7 8. Nb5 Bb4+ 9. Ke2 c6 10. Qa4 cxb5 11. Qxb4 a5 12. Qb3 b4 13. Ke1 Rc8 14. Bd3 0-0 15. Ke2 Qe7 16. Rhc1 Ne4 17. Kf1 Ndf6 18. h3 Qe6 19. a3 bxa3 20. bxa3 Nd7 21. Kg1 h6 22. Bb5 Bc6 23. Ne5 Nxe5 24. Bxe5 Bxb5 25. Qxb5 Nc3 26. Qd3 Qc6 27. Rc2 b5 28. Qf5 f6 29. Bf4 b4 30. axb4 axb4 31. Bxh6 Ra8 32. Rb1 Rfb8 33. Qg6 Qd7 34. Rbc1 Qf7 35. Qxf7+ Kxf7 36. Bf4 Rc8 37. Kh2 Rc4 38. Rb2 Ra2 39. Rxa2 Nxa2 40. Rb1 0-1

[Event "Hradec Kralove op"]
[Site "Hradec Kralove"]
[Date "2010.05.15"]
[Round "1"]
[White "Loktiev, Ivan"]
[Black "Steinhauserova, Anna"]
[Result "1-0"]
[WhiteElo "2225"]
[BlackElo "1818"]
[PlyCount "41"]
[EventDate "2010.05.15"]
[EventType "swiss"]
[EventRounds "9"]
[EventCountry "CZE"]
[SourceTitle "CBM 136 Extra"]
[Source "ChessBase"]
[SourceDate "2010.07.02"]
[SourceVersion "2"]
[SourceVersionDate "2010.07.15"]
[SourceQuality "1"]

1. d4 d5 2. Nf3 Nf6 3. c4 c6 4. Qc2 e6 5. g3 Bd6 6. Bg2 Nbd7 7. 0-0 e5 8. cxd5 Nxd5 9. Nc3 Nb4 10. Qb3 exd4 11. Nxd4 Nf6 12. Bg5 Be7 13. Rfd1 Qa5 14. Bxf6 Bxf6 15. a3 Bxd4 16. Rxd4 Na6 17. Re4+ Kf8 18. Rd1 g6 19. Rf4 Qc7 20. Ne4 h6 21. Rd8+ 1-0

[Event "CZE-ch U16 Girls"]
[Site "Kouty nad Desnou"]
[Date "2010.03.10"]
[Round "6"]
[White "Sabolova, Kristyna"]
[Black "Steinhauserova, Anna"]
[Result "0-1"]
[WhiteElo "1759"]
[BlackElo "1813"]
[PlyCount "98"]
[EventDate "2010.03.06"]
[EventType "swiss"]
[EventRounds "9"]
[EventCountry "CZE"]
[SourceTitle "EXT 2012"]
[Source "ChessBase"]
[SourceDate "2011.11.24"]
[SourceVersion "1"]
[SourceVersionDate "2011.11.24"]
[SourceQuality "1"]

1. d4 d5 2. c3 Nf6 3. Nf3 Bf5 4. h3 h6 5. Qb3 b6 6. Bf4 e6 7. e3 Bd6 8. Ne5 0-0 9. Nd2 Nfd7 10. Ndf3 Nxe5 11. dxe5 Be7 12. c4 Nc6 13. 0-0-0 Na5 14. Qc3 c5 15. cxd5 exd5 16. Bd3 Be6 17. Be4 d4 18. exd4 cxd4 19. Qxd4 Bxa2 20. Qxd8 Raxd8 21. Rxd8 Rxd8 22. Rd1 Nb3+ 23. Kc2 Rc8+ 24. Kd3 Nc5+ 25. Ke3 Nxe4 26. Kxe4 Rc4+ 27. Rd4 Bb1+ 28. Ke3 Bc5 29. g4 Bxd4+ 30. Nxd4 Rc1 31. h4 Ba2 32. Ke4 Rb1 33. g5 hxg5 34. Bxg5 Rxb2 35. f4 a5 36. Be7 Bb1+ 37. Kd5 b5 38. Ba3 Rd2 39. Kc5 b4 40. Bc1 Rd1 41. Bb2 Bd3 42. Nb5 Rb1 43. Bd4 a4 44. Nd6 a3 45. f5 b3 46. e6 fxe6 47. fxe6 Re1 48. Nc4 Bxc4 49. Kxc4 b2 0-1

[Event "Marianske Lazne op"]
[Site "Marianske Lazne"]
[Date "2010.01.18"]
[Round "3"]
[White "Zdrazil, Bohumir"]
[Black "Steinhauserova, Anna"]
[Result "0-1"]
[WhiteElo "1953"]
[BlackElo "1795"]
[PlyCount "58"]
[EventDate "2010.01.16"]
[EventType "swiss"]
[EventRounds "9"]
[EventCountry "CZE"]
[SourceTitle "CBM 134 Extra"]
[Source "ChessBase"]
[SourceDate "2010.03.03"]
[SourceVersion "1"]
[SourceVersionDate "2010.03.03"]
[SourceQuality "1"]

1. e4 e5 2. Nf3 Nc6 3. Bb5 f5 4. exf5 e4 5. Bxc6 bxc6 6. Qe2 Qe7 7. Nd4 Nf6 8. 0-0 Qe5 9. c3 Bc5 10. Nb3 Bb6 11. d4 Qxf5 12. f3 0-0 13. N1d2 exf3 14. Nxf3 Re8 15. Ne5 Qxe5 16. Qxe5 Rxe5 17. c4 Ba6 18. c5 Re2 19. Rd1 Bc4 20. Bd2 Ne4 21. Bc3 Bxb3 22. axb3 Nxc5 23. dxc5 Bxc5+ 24. Kh1 d5 25. Re1 Rxe1+ 26. Bxe1 Rb8 27. Ra5 Rf8 28. h3 Rf1+ 29. Kh2 Bg1+ 0-1

[Event "CZE Czechia-ch U16"]
[Site "Harrachov"]
[Date "2009.10.29"]
[Round "7"]
[White "Steinhauserova, Anna"]
[Black "Krasny, Drahomir"]
[Result "1/2-1/2"]
[WhiteElo "1795"]
[BlackElo "1924"]
[PlyCount "41"]
[EventDate "2009.10.24"]
[EventType "swiss"]
[EventRounds "9"]
[EventCountry "CZE"]
[SourceTitle "EXT 2012"]
[Source "ChessBase"]
[SourceDate "2011.11.24"]
[SourceVersion "1"]
[SourceVersionDate "2011.11.24"]
[SourceQuality "1"]

1. d4 d5 2. Nf3 Nf6 3. c4 c6 4. Nc3 Bf5 5. cxd5 Nxd5 6. e3 e6 7. Bc4 Bb4 8. Qb3 Bxc3+ 9. bxc3 Qb6 10. Qa3 Nd7 11. 0-0 c5 12. Re1 N5f6 13. Qa4 cxd4 14. Nxd4 0-0 15. Nxf5 exf5 16. Qc2 Qc5 17. Bd3 g6 18. Rb1 b6 19. Bb2 Rfd8 20. Rbd1 Ne5 21. c4 1/2-1/2

[Event "Teplice op 4th"]
[Site "Teplice"]
[Date "2009.06.16"]
[Round "4"]
[White "Steinhauserova, Anna"]
[Black "Hozda, David"]
[Result "0-1"]
[WhiteElo "1815"]
[BlackElo "2037"]
[PlyCount "56"]
[EventDate "2009.06.13"]
[EventType "swiss"]
[EventRounds "9"]
[EventCountry "CZE"]
[SourceTitle "CBM 130 Extra"]
[Source "ChessBase"]
[SourceDate "2009.07.02"]
[SourceVersion "2"]
[SourceVersionDate "2009.07.15"]
[SourceQuality "1"]

1. d4 Nf6 2. Nf3 g6 3. c4 Bg7 4. Nc3 0-0 5. g3 c6 6. Bg2 d6 7. h3 Nbd7 8. 0-0 e5 9. d5 c5 10. Bg5 h6 11. Be3 Nh5 12. Kh2 f5 13. Bc1 e4 14. Ne1 Ne5 15. Qb3 Qe7 16. f3 exf3 17. Nxf3 f4 18. Ne4 Nxf3+ 19. exf3 fxg3+ 20. Nxg3 Nxg3 21. Kxg3 Be5+ 22. f4 g5 23. Kh2 gxf4 24. Rf3 Qh4 25. Kg1 h5 26. Qc2 Bf5 27. Qd1 Be4 28. Rb3 f3 0-1

[Event "CZE-ch U16 Girls"]
[Site "Kouty nad Desnou"]
[Date "2009.03.14"]
[Round "9"]
[White "Steinhauserova, Anna"]
[Black "Urgacsova, Sara"]
[Result "1-0"]
[WhiteElo "1776"]
[BlackElo "1365"]
[PlyCount "51"]
[EventDate "2009.03.07"]
[EventType "swiss"]
[EventRounds "9"]
[EventCountry "CZE"]
[SourceTitle "EXT 2011"]
[Source "ChessBase"]
[SourceDate "2010.11.26"]
[SourceVersion "1"]
[SourceVersionDate "2010.11.26"]
[SourceQuality "1"]

1. d4 d5 2. c4 c6 3. Nc3 Nf6 4. Bf4 Bf5 5. Qb3 Qb6 6. c5 Qxb3 7. axb3 e6 8. Nf3 Nbd7 9. h3 Be7 10. e3 0-0 11. b4 a6 12. Be2 b5 13. cxb6 Nxb6 14. 0-0 Bxb4 15. Bxa6 Ra7 16. Ne5 Rfa8 17. Nxc6 Rxa6 18. Rxa6 Rxa6 19. Nxb4 Ra8 20. Nc6 Nbd7 21. Ne7+ Kf8 22. Nxf5 exf5 23. Bd6+ Ke8 24. b4 Ra3 25. Rc1 Ne4 26. Nxe4 1-0

[Event "CZE-ch U16 Girls"]
[Site "Kouty nad Desnou"]
[Date "2009.03.08"]
[Round "2"]
[White "Miturova, Magdalena"]
[Black "Steinhauserova, Anna"]
[Result "1-0"]
[WhiteElo "2022"]
[BlackElo "1776"]
[PlyCount "66"]
[EventDate "2009.03.07"]
[EventType "swiss"]
[EventRounds "9"]
[EventCountry "CZE"]
[SourceTitle "EXT 2011"]
[Source "ChessBase"]
[SourceDate "2010.11.26"]
[SourceVersion "1"]
[SourceVersionDate "2010.11.26"]
[SourceQuality "1"]

1. e4 e5 2. Nf3 Nc6 3. Bb5 a6 4. Ba4 Nf6 5. 0-0 Be7 6. Re1 b5 7. Bb3 d6 8. c3 0-0 9. h3 Na5 10. Bc2 c5 11. d4 Qc7 12. Nbd2 Nc6 13. d5 Nd8 14. Nf1 Ne8 15. Ng3 g6 16. a4 Rb8 17. axb5 axb5 18. Nh2 Ng7 19. Ng4 f6 20. Nh6+ Kh8 21. h4 Nf7 22. h5 g5 23. Nxf7+ Rxf7 24. h6 Ne8 25. Qh5 Bf8 26. Nf1 Qd7 27. Ne3 Nc7 28. Bd1 Qe8 29. Ra7 Rb7 30. Rxb7 Bxb7 31. Bg4 Re7 32. Qh3 Na6 33. Qf3 Qg6 1-0

[Event "CZE-ch U16"]
[Site "Sec u Chrudimi"]
[Date "2008.10.29"]
[Round "6"]
[White "Petr, Jan1111"]
[Black "Steinhauserova, Anna"]
[Result "1-0"]
[WhiteElo "1570"]
[BlackElo "1751"]
[PlyCount "75"]
[EventDate "2008.10.25"]
[EventType "swiss"]
[EventRounds "9"]
[EventCountry "CZE"]
[SourceTitle "EXT 2022"]
[Source "ChessBase"]
[SourceDate "2021.10.06"]
[SourceVersion "1"]
[SourceVersionDate "2021.10.06"]
[SourceQuality "1"]

1. e4 c5 2. Nf3 d6 3. d4 cxd4 4. Nxd4 Nf6 5. Nc3 a6 6. h3 e6 7. g4 Be7 8. Bg2 Qc7 9. 0-0 Nbd7 10. g5 Ng8 11. f4 b5 12. f5 e5 13. Nde2 Nb6 14. Nd5 Nxd5 15. exd5 Qc5+ 16. Kh1 Bb7 17. Ng3 Rc8 18. c3 f6 19. Nh5 Kf8 20. gxf6 Nxf6 21. Nxf6 Bxf6 22. Qf3 Qc4 23. Be3 Re8 24. Rac1 e4 25. Qg3 Be5 26. Bf4 Bxd5 27. b3 Qc6 28. f6 Bxf6 29. Bxd6+ Kf7 30. Be5 Re6 31. Bxf6 gxf6 32. Qg4 e3 33. Qh5+ Ke7 34. Bxd5 Qd6 35. Bxe6 Qxe6 36. Qg4 Qd5+ 37. Qf3 Qe6 38. Rce1 1-0

[Event "CZE-ch U16"]
[Site "Sec u Chrudimi"]
[Date "2008.10.28"]
[Round "5"]
[White "Steinhauserova, Anna"]
[Black "Kosek, Marek"]
[Result "0-1"]
[WhiteElo "1751"]
[BlackElo "1918"]
[PlyCount "119"]
[EventDate "2008.10.25"]
[EventType "swiss"]
[EventRounds "9"]
[EventCountry "CZE"]
[SourceTitle "EXT 2022"]
[Source "ChessBase"]
[SourceDate "2021.10.06"]
[SourceVersion "1"]
[SourceVersionDate "2021.10.06"]
[SourceQuality "1"]

1. d4 c5 2. d5 e6 3. dxe6 fxe6 4. c4 Nf6 5. Nc3 d5 6. cxd5 exd5 7. Bg5 Be7 8. e3 Be6 9. Nf3 0-0 10. Bd3 Nc6 11. 0-0 a6 12. Qd2 Qd7 13. Na4 Rad8 14. Rac1 c4 15. Bb1 b5 16. Nc3 Qc8 17. Qc2 Nb4 18. Qe2 Bf5 19. Bxf5 Qxf5 20. Bf4 Nd3 21. Rcd1 Bc5 22. Bg3 Ne4 23. Ne1 Nxe1 24. Rfxe1 Bb4 25. Rc1 Nc5 26. Red1 Nd3 27. Rb1 Rf7 28. Rf1 Rdf8 29. Qd2 h5 30. Qc2 Be7 31. Nd1 h4 32. Bc7 Qg6 33. h3 Qe6 34. b3 Rf6 35. Kh2 Qe4 36. Qe2 Rg6 37. f3 Qe6 38. Nb2 Bd6+ 39. Bxd6 Qxd6+ 40. Kh1 Ne5 41. Rbd1 Qe6 42. Qd2 cxb3 43. axb3 Qf6 44. Qxd5+ Kh7 45. Qd2 Nf7 46. Nd3 Nh6 47. Nf4 Rg5 48. Qd6 Qxd6 49. Rxd6 Nf5 50. Ne6 Nxd6 51. Nxg5+ Kg6 52. f4 Nf5 53. Rf3 Re8 54. Kg1 Nxe3 55. Kf2 Nd5 56. g3 hxg3+ 57. Rxg3 Kf5 58. Nf7 Kf6 59. Nd6 Re6 60. Nb7 0-1

[Event "Teplice op 3rd"]
[Site "Teplice"]
[Date "2008.06.22"]
[Round "9"]
[White "Cerv, Jiri"]
[Black "Steinhauserova, Anna"]
[Result "0-1"]
[WhiteElo "1559"]
[BlackElo "1549"]
[PlyCount "68"]
[EventDate "2008.06.14"]
[EventType "swiss"]
[EventRounds "9"]
[EventCountry "CZE"]
[SourceTitle "CBM 125 Extra"]
[Source "ChessBase"]
[SourceDate "2008.09.01"]
[SourceVersion "1"]
[SourceVersionDate "2008.09.01"]
[SourceQuality "1"]

1. d4 d5 2. c4 c6 3. e3 Nf6 4. Nc3 Bf5 5. Bd3 Bxd3 6. Qxd3 e6 7. a3 Bd6 8. Nf3 0-0 9. c5 Bc7 10. b4 Nbd7 11. Qc2 a6 12. Bb2 h6 13. h4 Re8 14. 0-0-0 a5 15. b5 cxb5 16. Nxb5 Nb8 17. a4 Qd7 18. Ne5 Bxe5 19. dxe5 Ne4 20. Nd6 Nxd6 21. exd6 Na6 22. Qc3 f6 23. Qxa5 Nxc5 24. Qb5 Qxd6 25. Kb1 Nxa4 26. Rc1 Nxb2 27. Qxb2 Ra6 28. Rc3 Rb6 29. Rb3 Rxb3 30. Qxb3 Ra8 31. f4 Ra6 32. Kc2 Qc5+ 33. Kd2 Ra3 34. Rc1 Qxc1+ 0-1

[Event "Teplice op 3rd"]
[Site "Teplice"]
[Date "2008.06.21"]
[Round "8"]
[White "Steinhauserova, Anna"]
[Black "Cermak, Jan"]
[Result "0-1"]
[WhiteElo "1549"]
[BlackElo "1733"]
[PlyCount "90"]
[EventDate "2008.06.14"]
[EventType "swiss"]
[EventRounds "9"]
[EventCountry "CZE"]
[SourceTitle "CBM 125 Extra"]
[Source "ChessBase"]
[SourceDate "2008.09.01"]
[SourceVersion "1"]
[SourceVersionDate "2008.09.01"]
[SourceQuality "1"]

1. d4 e6 2. Nf3 f5 3. g3 Nf6 4. Bg2 Be7 5. 0-0 0-0 6. c4 c6 7. Nc3 d5 8. cxd5 cxd5 9. e3 Nc6 10. a3 a6 11. Bd2 Bd6 12. Qe2 h6 13. b4 b6 14. Rfc1 Bb7 15. Ne1 Rf7 16. Ra2 g5 17. Nc2 Ne7 18. Ne1 h5 19. Nf3 g4 20. Ng5 Qd7 21. Nxf7 Kxf7 22. Nd1 Ng6 23. Nb2 h4 24. Nd3 Rh8 25. Nf4 hxg3 26. fxg3 Nf8 27. Rb1 N8h7 28. Rc2 Ng5 29. Rbc1 Nfe4 30. Nd3 Kf6 31. Rf1 Qh7 32. Bxe4 Nxe4 33. Be1 a5 34. Nf4 axb4 35. Bxb4 Bxb4 36. axb4 Nxg3 37. hxg3 Qh1+ 38. Kf2 Rh2+ 39. Ke1 Rxe2+ 40. Rxe2 Qe4 41. Rg1 Ba6 42. Reg2 Qb1+ 43. Kf2 Qc2+ 44. Ke1 Qc1+ 45. Kf2 Qd2+ 0-1

[Event "Teplice op 3rd"]
[Site "Teplice"]
[Date "2008.06.14"]
[Round "1"]
[White "Steinhauserova, Anna"]
[Black "Straka, Jozef1111"]
[Result "0-1"]
[WhiteElo "1549"]
[BlackElo "2078"]
[PlyCount "64"]
[EventDate "2008.06.14"]
[EventType "swiss"]
[EventRounds "9"]
[EventCountry "CZE"]
[SourceTitle "CBM 125 Extra"]
[Source "ChessBase"]
[SourceDate "2008.09.01"]
[SourceVersion "1"]
[SourceVersionDate "2008.09.01"]
[SourceQuality "1"]

1. e4 c5 2. Nf3 Nc6 3. d4 cxd4 4. Nxd4 Nf6 5. Nc3 d6 6. Be3 Ng4 7. Bc1 Qb6 8. Nce2 e5 9. f3 exd4 10. fxg4 Bxg4 11. Qd2 Be7 12. Ng3 0-0 13. Bd3 Rac8 14. a3 Ne5 15. 0-0 h6 16. b4 Bg5 17. Qe1 Bxc1 18. Rxc1 Rc3 19. Be2 Bxe2 20. Qxe2 d3+ 21. Qf2 Qxf2+ 22. Rxf2 Rfc8 23. Nf5 Rxc2 24. Rd1 Rxf2 25. Kxf2 Rc2+ 26. Kf1 Ra2 27. Nxd6 b6 28. Nb5 a6 29. Nd4 Rxa3 30. Nf3 Nc4 31. Ke1 b5 32. Nd2 Ne3 0-1

[Event "CZE-ch U14 Girls"]
[Site "Sec u Chrudimi"]
[Date "2008.03.14"]
[Round "8"]
[White "Steinhauserova, Anna"]
[Black "Rohovska, Tereza"]
[Result "1-0"]
[WhiteElo "1563"]
[BlackElo "1376"]
[PlyCount "55"]
[EventDate "2008.03.08"]
[EventType "swiss"]
[EventRounds "9"]
[EventCountry "CZE"]
[SourceTitle "EXT 2009"]
[Source "ChessBase"]
[SourceDate "2008.11.26"]
[SourceVersion "1"]
[SourceVersionDate "2008.11.26"]
[SourceQuality "1"]

1. d4 d5 2. Nf3 Nf6 3. c4 e6 4. cxd5 exd5 5. Nc3 Bb4 6. Qb3 Bxc3+ 7. Qxc3 0-0 8. Bf4 c6 9. e3 Ne4 10. Qc2 Qa5+ 11. Nd2 b5 12. Bd3 Re8 13. a3 g6 14. b4 Qa4 15. Nxe4 Qxc2 16. Nf6+ Kf8 17. Bxc2 Re6 18. Nxh7+ Kg7 19. Ng5 Re8 20. 0-0 Nd7 21. Nf3 Nb6 22. Ne5 Bb7 23. Bd3 Re7 24. Rfc1 Rc8 25. Be2 f5 26. Bd1 a6 27. h3 Kf6 28. Nf3 1-0

[Event "CZE-ch U14"]
[Site "Sec u Chrudimi"]
[Date "2007.10.25"]
[Round "7"]
[White "Kapoun, Vit"]
[Black "Steinhauserova, Anna"]
[Result "0-1"]
[WhiteElo "1314"]
[BlackElo "1603"]
[PlyCount "60"]
[EventDate "2007.10.20"]
[EventType "swiss"]
[EventRounds "9"]
[EventCountry "CZE"]
[SourceTitle "EXT 2022"]
[Source "ChessBase"]
[SourceDate "2021.10.06"]
[SourceVersion "1"]
[SourceVersionDate "2021.10.06"]
[SourceQuality "1"]

1. e4 c5 2. Nf3 Nc6 3. Nc3 g6 4. Bc4 Bg7 5. 0-0 e6 6. d3 Nge7 7. Be3 d5 8. exd5 exd5 9. Bb5 d4 10. Bxc6+ bxc6 11. Bxd4 cxd4 12. Ne4 0-0 13. Qd2 Be6 14. Qf4 Qb8 15. Qxb8 Raxb8 16. b3 Nd5 17. Rfe1 a5 18. Nc5 Rfe8 19. Ng5 Bf5 20. Rxe8+ Rxe8 21. Nb7 Nb4 22. Nxa5 Nxc2 23. Rc1 Re1+ 24. Rxe1 Nxe1 25. Nxc6 Bxd3 26. f4 Bb5 27. Nb4 d3 28. Ne4 f5 29. Nf2 Bd4 30. a4 d2 0-1